Návrh a realizácia aplikácie na riešenie diferenciálnych rovníc numerickými metódami

Guardado en:
Detalles Bibliográficos
Autor principal: Jánošík, Marek (Autor)
Otros Autores: Liška, Vladimír (Orientador)
Formato: Manuscrito Libro
Lenguaje:eslovaco
Publicado: 2025
Materias:
Acceso en línea:http://is.stuba.sk/zp/portal_zp.pl?podrobnosti=179205
Etiquetas: Agregar Etiqueta
Sin Etiquetas, Sea el primero en etiquetar este registro!

MARC

LEADER 00000ntm a22000003a 4500
001 stuzp103770
003 SK-STU
005 20250628210809.1
007 ta
008 150427s2015----xo-----f-mn---000-0-slo-d
040 |a STU  |b slo 
041 0 |a slo 
100 1 |a Jánošík, Marek  |u 066000  |4 aut  |U MTF Materiálovotechnologická fakulta  |T MTF Ústav aplikovanej informatiky, automatizácie a mechatroniky  |X 122928  |U M6000  |Y 86  |7 122928 
242 0 1 |a Design and implementation of an application for solving differential equations using numerical methods  |y eng 
245 1 0 |a Návrh a realizácia aplikácie na riešenie diferenciálnych rovníc numerickými metódami 
260 |c 2025 
650 4 |a Diferenciálna rovnica  |2 slo 
650 4 |a numerické metódy  |2 slo 
650 4 |a Runge-Kutta  |2 slo 
650 4 |a desktopová aplikácia  |2 slo 
650 4 |a desktop application  |2 eng 
650 4 |a Runge-Kutta  |2 eng 
650 4 |a Differential equation  |2 eng 
650 4 |a numerical methods  |2 eng 
700 1 |a Liška, Vladimír  |u 066000  |k Z1  |4 ths  |U MTF Materiálovotechnologická fakulta  |T MTF Ústav aplikovanej informatiky, automatizácie a mechatroniky  |X 1513  |U M6000  |Y 86  |7 A000001513 
856 4 |u http://is.stuba.sk/zp/portal_zp.pl?podrobnosti=179205 
996 |c M* BP-9939  |l MMSKP  |s P  |a 0  |w stuzp103770_0001